000 00636nam a2200229Ia 4500
003 OSt
005 20221007063124.0
006 a|||||r|||| 00| 0
007 ta
008 221006b |||||||| |||| 00| 0 eng d
024 _a20,841
037 _cTextual
040 _aFLL
_cFLL
_beng
041 _2eng
_aeng
082 _aV2:21:91(Z)'N7Y7, L5
100 _aLal Shiv Au.
_9683806
245 0 _aPrime minister's poll case and other judgments
260 _aBombay
_bN.M.Triapthi India
_c1975
300 _a296p
_ccm.
942 _hV2:21:91(Z)'N7Y7, L5
_cTEXL
_2CC
999 _c1130442
_d1130442